Quizzes
Events
Quiz Creation
Community
Videos
Private Events
Remove Ads
Sign In
Join for FREE
Feedback
Dark Mode
Quiz Categories
Sports
Geography
Music
Movies
Television
Just For Fun
Miscellaneous
History
Literature
Language
Science
Gaming
Entertainment
Religion
Holiday
For Kids
Quiz Lab
Recent
Popular Today
Quiz Kudos Today
Editor Picks
Curator Picks
Quizzes by...
Day
Popularity
Type
Ratings
Length
Year
Community
Subscriptions
Recent Discussions
Orange Saloon
Badges
Playlists
Quests
Create
Leaderboards
Showdown
Live 5
Trivia Bingo
Activity
Puzzle Library
Sporcle Events
Private Events
Virtual Trivia
Globe League
Become a Host
Pub Owners
SporcleCon
Opinionation
Our Games
Videos
Blog
Mobile Apps
Partnerships
Remove Ads and Go Orange
Feedback
Geography
Country
Landmarks
City
State
Population
World
Capital
Continent
Flags
Europe
Africa
Asia
South America
North America
Oceania
Border
Canada
United Kingdom
Topography
United States
Geography
Country
Landmarks
City
State
Population
World
Capital
Continent
Flags
Europe
Africa
Asia
South America
North America
Oceania
Border
Canada
United Kingdom
Topography
United States
Random Quiz
Search Sporcle
×
Quiz Lab
Quiz Lab
Geography
Nintendo
Type in answers that appear in a list
Type in answers that appear in a list
Classic
Best Score? Go Orange.
Commonest Letters in Countries Stats
Can you name the commonest letters in the names of all 196 countries?
By
mrsmith
2m
25 Questions
338 Plays
338 Plays
338 Plays
Comments
Comments
Give Quiz Kudos
Give Quiz Kudos
-
- Ratings
hide this ad
More Info
Forced Order
Answers have to be entered in order
Answers have to be entered in order
Wrong Answers
Some wrong answers will appear in red
Some wrong answers will appear in red
Replay
Link that replays current quiz
Next Quiz
Link to next quiz in quiz playlist
You Got
0%
They Got
Avg Score
68%
Avg Friend Score
Upgrade to see
Score Distribution
Jump to the score distribution portion of the page
Score
0/25
Timer
02:00
0
Plays Today
Number of appearances
Letter
% Correct
275
???
100%
161
???
99.1%
145
???
95.6%
122
???
95%
94
???
91.7%
101
???
90.8%
81
???
89.1%
79
???
87.9%
73
???
84.9%
56
???
84.6%
70
???
82%
52
???
80.2%
49
???
72.5%
Number of appearances
Letter
% Correct
46
???
64.2%
30
???
63.3%
27
???
60.7%
21
???
53.8%
20
???
50%
16
???
44.4%
18
???
37.9%
4
???
37.9%
2
???
37.3%
12
???
34.6%
7
???
34.3%
10
???
31.4%
Quiz Playlist
Details
Report
Send in Message
Add To Playlist
More Info:
This quiz refers to country names as per the usual Sporcle version, e.g. 'Micronesia', not 'Federated States of Micronesia'.
Classic:
Type in answers that appear in a list
Forced Order:
Answers have to be entered in order
Wrong Answers:
Some wrong answers will appear in red
Last Updated: Feb 16, 2017
Quiz Scoreboard
CHALLENGE
Sign Up to Join the Scoreboard
Show All
Scores
Hide
Comments
May contain spoilers
Recently Published
Alphabetical 'K' Countries by Flag Minefield
by ylime102
Geography
3m
Pick 6: Fruits
by JohnFran
Miscellaneous
15s
Click the 1999 NBA Draft
by nibperrychub
Sports
2m
More to Explore
Quiz From the Vault
Featured Blog Post
15 Basketball Trivia Facts You Can Be March Mad About
hide this ad
You Might Also Like...
Tags
Alphabet Quiz
Country Quiz
Letter Quiz
Nintendo Quiz
Today's Top Quizzes in Geography
Browse Geography
hide this ad
Today's Top Quizzes in Nintendo
Browse Nintendo
Top Contributed Quizzes in Geography
1
Countries of the World - No Outlines Minefield
2
Find the Landmarks A-Z
3
Lietuvos savivaldybės (Lithuanian Municipalities)
4
Blind Ultimate Minefield: World
5
Ultimate Geography Challenge 'A'
6
Find the US States - No Outlines
7
3, 2, 1 or 0: Land Borders
8
Complete the Map Snippet (Minefield) IX
9
Nickname Match: U.S. States
10
Complete the Map Snippet (Minefield) X
Explore More
Trending Topics
Crossword
NBA
Anime
Marvel
Disney
Kpop
Harry Potter
WWE
NFL
Puzzle
Pokémon
Song
The Office
Soccer
Country
hide this ad
More By:
mrsmith
Quiz
Plays
Rating
Category
Featured
Created
Border Chain Minefield
366,468
4.56
Geography
Apr 2, 2015
Border Chain Minefield II
309,039
4.50
Geography
Mar 23, 2015
Absent Letter Countries
289,196
4.52
Geography
Jul 7, 2013
State Border Chain Minefield
279,163
4.34
Geography
Mar 27, 2015
Journey Through the USA
262,150
3.81
Geography
Nov 1, 2012
Go to Creator's Profile
Score Distribution
Quiz Creator Spotlight
mrsmith
Follow
Send a Message
Quizzes Created
-
Created Quiz Play Count
-
More By This Creator
Popular Quizzes Today
1
Match the Book to the Film X
2
DC Extended Universe: Oldest to Newest
3
Medical Shows by Picture
4
Keanu Reeves Movies
5
'Inside Out' Cast
6
Animal Sorting Blitz
7
Least Populous Country of World per Letter Minefield
8
McDonald's or Burger King?
More Geography Quizzes
Postcards from the Fountain
Quiz Lab
Trending Quizzes
First Name TV: Leading Men
Match the Book to the Film II
First Name TV: Leading Women Drama
Match the Book to the Film VI
Pick A Pair: Religious TV
Recently Updated
Women's Final Four Teams by Year
bhenderson79
Presidents Quartet II
eogle
Anything But Clue(do)
eogle
Anything But Oceanian Capitals
eogle
Anything But 7
eogle
Anything But Thing
eogle
Word Ladder: February 29
pecheneg
Song Title Questions
pecheneg
Women's NCAA Tournament #1 Seeds
pecheneg
Celebrity Mug Shots
pecheneg
Trending Topics
Disney
Anime
Kpop
NBA
Crossword
Marvel
Harry Potter
Puzzle
Pokémon
Song
WWE
Country
NFL
Soccer
The Office
Your Account Isn't Verified!
In order to create a playlist on Sporcle, you need to verify the email address you used during registration. Go to your
Sporcle Settings
to finish the process.
Report this User
Report this user for behavior that violates our
Community Guidelines
.
Details:
Send Report
Go to the Sporcle.com Mobile Site →
Comments